Безопасность и защита населения в чрезвычайных ситуациях: учебник

Մատենագիտական մանրամասներ
Այլ հեղինակներ: Кириллов Г. Н. (редактор)
Ամփոփում:Учебник разработан в соответствии с Примерной программой обучения работающего населения в области гражданской обороны и защиты от чрезвычайных ситуаций природного и техногенного характера. В нем изложены вопросы организации и функционирования Единой государственной системы предупреждения и ликвидации чрезвычайных ситуаций и гражданской обороны в Российской Федерации, приведены правила поведения населения в чрезвычайных ситуациях, даны основные принципы и способы защиты от опасностей мирного времени и возникающих при ведении военных действий, а также приемы оказания само- и взаимопомощи. Предназначен для обучения населения в Единой системе подготовки в области гражданской обороны и защиты от чрезвычайных ситуаций природного и техногенного характера; может быть использован в образовательных учреждениях при изучении курса «Основы безопасности жизнедеятельности».
Լեզու:ռուսերեն
Հրապարակվել է: Москва, Энас, 2006
Խորագրեր:
Ձևաչափ: Գիրք
KOHA link:https://koha.lib.tpu.ru/cgi-bin/koha/opac-detail.pl?biblionumber=103765

MARC

LEADER 00000nam0a2200000 4500
001 103765
005 20231031113748.0
010 |a 5931960643 
035 |a (RuTPU)RU\TPU\book\111863 
090 |a 103765 
100 |a 20061020d2006 m y0rusy50 ca 
101 0 |a rus 
102 |a RU 
105 |a a j 001zy 
200 1 |a Безопасность и защита населения в чрезвычайных ситуациях  |e учебник  |g под ред. Г. Н. Кириллова 
210 |a Москва  |c Энас  |d 2006 
215 |a 261 с.  |c ил. 
320 |a Библиография в конце книги. 
330 |a Учебник разработан в соответствии с Примерной программой обучения работающего населения в области гражданской обороны и защиты от чрезвычайных ситуаций природного и техногенного характера. В нем изложены вопросы организации и функционирования Единой государственной системы предупреждения и ликвидации чрезвычайных ситуаций и гражданской обороны в Российской Федерации, приведены правила поведения населения в чрезвычайных ситуациях, даны основные принципы и способы защиты от опасностей мирного времени и возникающих при ведении военных действий, а также приемы оказания само- и взаимопомощи. Предназначен для обучения населения в Единой системе подготовки в области гражданской обороны и защиты от чрезвычайных ситуаций природного и техногенного характера; может быть использован в образовательных учреждениях при изучении курса «Основы безопасности жизнедеятельности». 
610 1 |a безопасность жизнедеятельности 
610 1 |a чрезвычайные ситуации 
610 1 |a население 
610 1 |a защита 
610 1 |a РСЧС 
610 1 |a Единая государственная система предупреждения и ликвидации чрезвычайных ситуаций 
610 1 |a гражданская оборона 
610 1 |a военные действия 
610 1 |a стихийные бедствия 
610 1 |a природные катастрофы 
610 1 |a природные пожары 
610 1 |a массовые заболевания 
610 1 |a техногенные аварии 
610 1 |a транспортные аварии 
610 1 |a взрывы 
610 1 |a ядерное оружие 
610 1 |a химическое оружие 
610 1 |a бактериологическое оружие 
610 1 |a средства поражения 
610 1 |a оповещение 
610 1 |a эвакуация 
610 1 |a средства индивидуальной защиты 
610 1 |a медицинские средства 
610 1 |a санитарная обработка 
610 1 |a первая медицинская помощь 
610 1 |a экстренная помощь 
610 1 |a кровотечения 
610 1 |a раны 
610 1 |a переломы 
610 1 |a ушибы 
610 1 |a вывихи 
610 1 |a ожоги 
610 1 |a обморожения 
610 1 |a обмороки 
610 1 |a тепловые удары 
610 1 |a солнечные удары 
610 1 |a пострадавшие 
610 1 |a транспортировка 
610 1 |a уход 
610 1 |a учебники 
675 |a 614.8(07)  |v 3 
702 1 |a Кириллов  |b Г. Н.  |4 340 
801 1 |a RU  |b 63413507  |c 20061020  |g PSBO 
801 2 |a RU  |b 63413507  |c 20120502  |g PSBO 
900 |a Организация и ведение аварийно-спасательных работ 
900 |a Тактика сил РСЧС и ГО 
900 |a Медицина катастроф 
900 |a Системы связи и оповещения 
942 |c BK 
959 |a 89/20061012  |d 1  |e 143,33  |f ЧЗТЛ:1 
959 |a 13/20070212  |d 1  |e 179,00  |f АНЛ:1